| 000 | 01727cam a22004094i 4500 | ||
|---|---|---|---|
| 003 | PE-LiUPU | ||
| 005 | 20250731175635.0 | ||
| 008 | 150616s r 000 0 d | ||
| 020 | _a8422010852 | ||
| 035 | _a(Sirsi) i9788422010852 | ||
| 040 |
_aPE-LiUPU _bspa _cPE-LiUPU _erda |
||
| 049 | _aPRUA | ||
| 082 | 0 | 4 |
_a412 _bI79 _221 |
| 100 | 1 |
_aIsidoro de Sevilla, Santo, _eautor. |
|
| 245 | 1 | 0 |
_aEtimologías. _n2. |
| 264 | 1 |
_aMadrid : _bLa Editorial Catolica, _c1983. |
|
| 300 |
_a614 páginas ; _c20 centímetros |
||
| 336 |
_atext _2rdacontent |
||
| 337 |
_aunmediated _2rdamedia |
||
| 338 |
_avolume _2rdacarrier |
||
| 490 | 0 |
_aBiblioteca de Autores Cristianos ; _v434 |
|
| 505 | 0 | _aAcerca del hombre y los seres prodigiosos -- Acerca de los animales -- Acerca del mundo y sus partes -- Acerca de la tierra y sus partes -- Acerca de los edificios y los campos -- Acerca de las piedras y los metales -- Acerca de la agricultura -- Acerca de la guerra y los juegos -- Acerca de las naves, edificios y vestidos -- Acerca de las provisiones y de los utensilios domésticos y rústicos. | |
| 526 | _aP145 | ||
| 526 | _aP127 | ||
| 526 | _aP97 | ||
| 526 | _aP35 | ||
| 526 | _aP14 | ||
| 526 | _aP07 | ||
| 650 | 0 | 4 | _aETIMOLOGIA. |
| 910 |
_ajck _bjvq _cjck |
||
| 942 |
_2ddc _cBOOK |
||
| 949 |
_a412 I79 2 _wDEWEY _c1 _i22022 _lCCODEBUL1 _mBUL _r0 _sY _tBOOK _u2015-6-16 _xEDUCACION _PP20 _0COMPRA _o.STAFF. Colección General |
||
| 994 |
_aC0 _bPEPRU |
||
| 596 | _a1 | ||
| 999 |
_a412 I79 2 _wDEWEY _c48480 _i22022 _d48480 _e2018-6-4 _f2021-11-5 _g5 _lCCODEBUL1 _mBUL _n1 _r0 _sN _tBOOK _u2015-6-16 _xBIBLIOTECA _PP20 _0COMPRA _o.STAFF. Colección General |
||
| 980 |
_81 _gALBERTO SANCHEZ Responsable de Automatización |
||